00862cam a22002297a 4500001000500000005001700005020001800022040002300040050001300063082000800076100001800084245011100102260003400213300003900247500005100286505000800337520016600345521002000511521002000531700003700551700004400588104120231123145007.0 a9780590470704 aDLCcDLCdDLCbeng00aPZ7.D128 a8131 aDadey, Debbie10aAliens don't wear braces /bby Debbie Dadey and Marcia Thornton Jones ; illustrated by John Steven Gurney. aNew York :bScholastic,c1993 a74 pages :billustrations ;c20 cm aSource: Copyright deposit, Dec. 21, 1993.5DLC aN  aStrange doings seem to erupt whenever Mrs. Zork, the substitute art teacher shows up, in this most far-out adventure yet about the fun-filled Bailey School kids. a570 bLexile  aN bRaz-Plus 1 aJones, Marcia ThorntoneCoauthor1 aGurney, John Stevend1962-eillustrator